000 00663nam a22002537a 4500
003 UA-OsUOA
001 31926
007 ta
008 20050117b un ||||| |||| 00| 0 ukr d
100 _aІванишин Василь
090 _a324(477)
_bІ-99
942 _cBK
040 _aUA-OsUOA
_bukr
_cUA-OsUOA
_dUA-OsUOA
245 _a"На розпутті велелюднім" . Вибори 2004: Кого, що і для чого виберемо?
300 _a192 с.
955 _a0
041 _aukr
080 _a324(477)
020 _a966-538-137-7
260 _aДрогобич
_c2003
044 _aUA
650 7 _2UDC
999 _c318362
_d318362